书目信息 |
| 题名: |
青海旅游线路精选
|
|
| 作者: | 张忠孝 著 | |
| 分册: | ||
| 出版信息: | 北京 中国旅游出版社 2003.1 |
|
| 页数: | 170页 | |
| 开本: | 19cm | |
| 丛书名: | ||
| 单 册: | ||
| 中图分类: | K928.944 | |
| 科图分类: | ||
| 主题词: | 旅游指南--青海省 | |
| 电子资源: | ||
| ISBN: | 7-5032-2144-5 | |
| 000 | 00593nam0 2200205 45 | |
| 001 | 012004000000 | |
| 005 | 20041207090627.85 | |
| 010 | @a7-5032-2144-5@dCNY 20.00 | |
| 100 | @a20040920d2003 em y0chiy0121 ea | |
| 101 | 0 | @achi |
| 102 | @aCN@b110000 | |
| 105 | @aaf z 000yy | |
| 200 | 1 | @a青海旅游线路精选@Aqing hai lv you xian lu jing xuan@f张忠孝著 |
| 210 | @a北京@c中国旅游出版社@d2003.1 | |
| 215 | @a170页@c图, 照片@d19cm | |
| 606 | 0 | @a旅游指南@y青海省 |
| 690 | @aK928.944@v4 | |
| 701 | 0 | @a张忠孝@Azhang zhong xiao@4著 |
| 801 | 0 | @aCN@bQSSKw@c20041207 |
| 905 | @a10447@dK928.944@eZ250 | |
| 青海旅游线路精选/张忠孝著.-北京:中国旅游出版社,2003.1 |
| 170页:图, 照片;19cm |
| ISBN 7-5032-2144-5:CNY 20.00 |
| ● |
| 相关链接 |
|
|
|
正题名:青海旅游线路精选
索取号:K928.944/Z250
 
预约/预借
| 序号 | 登录号 | 条形码 | 馆藏地/架位号 | 状态 | 备注 |
| 1 | 430408 | 204304083 | 社科库309/ [索取号:K928.944/Z250] | 在馆 | |
| 2 | 430409 | 204304092 | 社科库309/309社科库 22排4列4层/ [索取号:K928.944/Z250] | 在馆 | |
| 3 | 430410 | 204304109 | 社科库309/309社科库 22排4列4层/ [索取号:K928.944/Z250] | 在馆 |